| 000 | 00719nam a2200205 i 4500 | ||
|---|---|---|---|
| 001 | 114851 | ||
| 003 | ES-MaACL | ||
| 007 | t| | ||
| 008 | 070404q19301949sz ||||1| ger d | ||
| 100 | 1 |
_aRorschach, Hermann. _999559 |
|
| 245 | 1 | 0 |
_aPsychodiagnostik _b: Methodik und Ergebnisse eines wahrnehmungsdiagnostischen Experiments / _cHermann Rorschach ; [Hrsg.:] W. Morgenthaler. |
| 250 | _a5. Aufl. | ||
| 260 |
_aBern : _bHuber, _c[193-?] |
||
| 300 |
_a2 v. : _bil. ; _c25 cm. |
||
| 490 | 1 |
_aArbeiten zur Angewandten Psychiatrie ; _v2 |
|
| 700 | 1 |
_aMorgenthaler, Walter. _983536 |
|
| 830 | 0 |
_aArbeiten zur Angewandten Psychiatrie ; _v2 _9233262 |
|
| 852 |
_aES-MaACL _jE-1727-28 _bR.22596 |
||
| 999 |
_c114851 _d114851 |
||